000 00261nam a2200097Ia 4500
001 1300776
005 20260420095910.0
008 260420s9999 xx 000 0 und d
245 0 _aMATEMATİKLE BAŞIM DERTTE
_cCELAL AKBAŞ
260 _bÇOCUK GEZEGENİ YAYINLARI
999 _c1300776
_d1300776